Toxicology international

The Journal is concerned all aspects of toxicology of drugs, chemicals including pesticides, indigenous drugs, epidemiological aspects covering human beings, animals, plants, environmental sciences, etc. The journal publishes research, review and general articles besides opinions, comments, news-hig...

Descripción completa

Detalles Bibliográficos
Título anterior:India journal of toxicology
Autor Corporativo: Society of Toxicology (India)
Formato: Electrónico Revista
Lenguaje:inglés
Publicado: Mumbai, India : Medknow Publications Pvt, Ltd.
Materias:
Acceso en línea:Full text available from Research Library: 07/01/2008 to 01/31/2015

MARC

LEADER 00000nas a2200000 4500
001 ssj0000331110
003 WaSeSS
005 20200512172242.0
006 m d
007 cr n
008 101201c20039999ii fr p s 0 0eng c
010 |a  2011263087 
035 |a (WaSeSS)ssj0000331110 
037 |b Medknow Publications Pvt. Ltd., A-109, Kanara Business Centre, Off Link Road, Ghatkopar (E), Mumbai, 400075, India 
040 |a FQM  |b eng  |c FQM  |d TXA  |d OCLCQ  |d OCLCF  |d OCLCO  |d OCLCQ  |d OCLCO  |d OCLCQ  |d U3W  |d OCLCO  |d OCLCA  |d BUF  |d WaSeSS 
042 |a pcc 
050 1 4 |a RA1190  |b .T696 
245 0 0 |a Toxicology international  |h [electronic resource]. 
260 |a Mumbai, India :  |b Medknow Publications Pvt, Ltd. 
310 |a Semiannual 
362 1 |a Print began with vol. 10, no. 1 (2003). 
506 |a License restrictions may limit access. 
520 |a The Journal is concerned all aspects of toxicology of drugs, chemicals including pesticides, indigenous drugs, epidemiological aspects covering human beings, animals, plants, environmental sciences, etc. The journal publishes research, review and general articles besides opinions, comments, news-highlights and letters to editor. 
550 |a Official journal of the Society of Toxicology. 
588 |a Description based on: Vol. 17(1) (Jan./June 2010); title from issue table of contents (PubMed Central, viewed Jan. 31, 2011). 
588 |a Latest issue consulted: Vol. 18(1) (Jan./June 2011) (Galegroup, viewed Feb. 7, 2011). 
650 0 |a Toxicology  |v Periodicals. 
650 7 |a Toxicology.  |2 fast  |0 (OCoLC)fst01153364 
650 2 |a Hazardous Substances  |x toxicity  |v Periodicals. 
650 2 |a Toxicology  |v Periodicals. 
655 0 |a Electronic journals. 
710 2 |a Society of Toxicology (India) 
776 0 8 |i Print version:  |t Toxicology international  |x 0976-5131  |w (OCoLC)53839782 
780 0 0 |t India journal of toxicology 
856 4 0 |z Full text available from Research Library: 07/01/2008 to 01/31/2015  |u https://search.proquest.com/publication/226455